Statistics for Places that start with A PME

Click here to take the quiz!

General Stats

  • This quiz has been taken 11 times
  • The average score is 14 of 15

Answer Stats

HintAnswer% Correct
Capital of Algeria 🇩🇿Algiers
100%
City named after Alexander the GreatAlexandria
100%
Biggest city in New Zealand 🇳🇿Auckland
100%
Capital of Netherlands 🇳🇱Amsterdam
100%
Capital of TexasAustin
100%
Capital of Turkey 🦃 🇹🇷Ankara
100%
Canadian Province bordering MontanaAlberta
100%
Saudi...Arabia
100%
Country wedged in between Spain 🇪🇸 and France 🇫🇷Andorra
100%
An Island nation and a continentAustralia
100%
...and BarbudaAntigua
100%
Capital of Ethiopia 🇪🇹Addis Ababa
90%
Country nicknamed the graveyard of empiresAfghanistan
90%
Capital of Paraguay 🇵🇾Asuncion
80%
Former capital of Kazakhstan 🇰🇿Astana
70%

Score Distribution

Percentile by Number Answered

Percent of People with Each Score

Your Score History

You have not taken this quiz